[Event "Iasi Sadoveanu Memorial"]
[Site "Iasi"]
[Date "2023.08.02"]
[Round "2"]
[White "Filip, Andrei"]
[Black "Iacob, Ivan Alexandru"]
[Result "1-0"]
[WhiteElo "2326"]
[BlackElo "1552"]
[PlyCount "57"]
[EventDate "2023.08.01"]
[EventType "swiss"]
[EventRounds "9"]
[EventCountry "ROU"]
[SourceTitle "CBM 215 Extra"]
[Source "ChessBase"]
[SourceDate "2023.09.30"]
[SourceVersion "1"]
[SourceVersionDate "2023.09.30"]
[SourceQuality "1"]

1. e4 c5 2. Nf3 e6 3. d4 cxd4 4. Nxd4 a6 5. Nc3 Qc7 6. Bd3 Nf6 7. 0-0 Be7 8. Qe2 d6 9. Kh1 0-0 10. f4 Nbd7 11. Bd2 b5 12. Rae1 Nc5 13. a3 Bb7 14. b4 Nxd3 15. cxd3 Rac8 16. Rc1 Qd7 17. f5 e5 18. Nf3 Rfe8 19. Bg5 h6 20. Bxf6 Bxf6 21. Qa2 d5 22. Nxd5 Bxd5 23. Qxd5 Qxd5 24. exd5 Rcd8 25. Rc5 Be7 26. Rc6 Rxd5 27. Rxa6 Rxd3 28. Nxe5 Bxb4 29. Nxd3 1-0